France Euro 2008 Squad - Statistics

General Stats
  • This quiz has been taken 181 times
  • The average score is 14 of 24
Answer Stats
Position Club Age Matches Goals Answer % Correct
FW Barcelona 30 2 1 Thierry Henry
95%
GK Olympique Marseille 23 0 0 Steve Mandanda
84%
MF Bayern Munich 25 3 0 Franck Ribéry
81%
FW Bolton Wanderers - Chelsea 29 3 0 Nicolas Anelka
81%
DF Manchester United 27 2 0 Patric Evra
79%
MF Chelsea 27-28 2 0 Florent Malouda
78%
DF Barcelona 28 2 0 Éric Abidal
75%
FW Olympique Lyon 20 2 0 Karim Benzema
74%
MF Chelsea - PSG 35 3 0 Claude Makélélé
71%
DF Barcelona 36 2 0 Lilian Thuram
70%
DF Bayern Munich 31 2 0 Willy Sagnol
63%
GK Olympique Lyon - Atlético Madrid 35 3 0 Grégory Coupet
62%
MF Olympique Marseille - Arsenal 20 2 0 Samir Nasri
62%
MF Inter Milan 31 0 0 Patrick Vieira
60%
DF Arsenal 30 3 0 William Gallas
57%
MF Portsmouth 23 0 0 Lassana Diarra
51%
Coach - 56 (3) 0 Raymond Domenech
50%
GK Fiorentina 28 0 0 Sébastien Frey
44%
FW AS Saint-Ètienne 22 2 0 Bafétimbi Gomis
40%
MF Olympique Lyon 28 2 0 Sidney Govou
40%
MF Olympique Lyon 24 3 0 Jérémy Toulalan
39%
DF Olympique Lyon - Sevilla FC 27 0 0 Sébastien Squillaci
32%
DF Juventus Turin - Olympique Lyon 28 1 0 Jean-Alain Boumsong
30%
DF Olympique Lyon 25 1 0 François Clerc
16%
No matching quizzes found
Score Distribution
Percent of People with Each Score
Percentile by Number Answered
Your Score History
You have not taken this quiz